000 00356nam a2200121Ia 4500
008 220204s9999 xx 000 0 und d
082 _aNR:063RT`1994'
_bIRI
245 0 _aNational Rubber Conference rubtech '94. Cochin 14 & 15 November 1994
260 _aCochin
_bIRI
_c1994
650 _aIndian rubber industry
650 _aRubberized asphalt
942 _cBK
999 _c43868
_d43868